Digitalizáció kiterjesztése a folyamatmenedzsment eszközrendszerében a folyamatbányászat lehetőségei

Bibliographic Details
Main Author: Majoros Csaba Máté
Other Authors: Bányai Dr. Kornél
Format: Thesis
Kulcsszavak:agilis módszertan
digitalizáció
döntéstámogatás
folyamatbányászat
folyamatmenedzsment
változásmenedzsment
Online Access:http://dolgozattar.uni-bge.hu/60237

MARC

LEADER 00000nta a2200000 i 4500
001 dolg60237
005 20260409150157.0
008 260409suuuu hu om 000 hun d
040 |a BGE Dolgozattár Repozitórium  |b hun 
041 |a hu 
100 1 |a Majoros Csaba Máté 
245 1 0 |a Digitalizáció kiterjesztése a folyamatmenedzsment eszközrendszerében  |b a folyamatbányászat lehetőségei  |c Majoros Csaba Máté  |h [elektronikus dokumentum] 
520 3 |a A kutatás a folyamatbányászat eszközeinek lehetséges alkalmazásait és integrálását vizsgálja a vállalati teljesítményértékelés és a folyamatmenedzsment területén. A kutatás során egy O2C (Order-to-Cash) folyamat adatait elemeztem a Power BI és a Power Automate folyamatbányász eszközével és összehasonlítás végeztem, hogy választ kapjak a vizsgált tudományos kérdések: Hogyan segíti elő a folyamatbányászat a vállalati folyamatok hatékonyságának növelését? Hogyan alkalmazható a folyamatbányászat a vállalati döntéstámogatás javítására? A kutatás eredménye azt igazolta, hogy a folyamatbányászat kiterjesztése a hagyományos KPI-okra épülő statikus teljesítményértékelés és döntéstámogatási rendszerrel jelentősen javítja a folyamatok eredményeinek megértését. A hagyományos teljesítmény értékelési rendszert ki kell bővíteni a folyamatbányászattal, hogy támogassa a proaktív döntéshozatalt. A kutatás gyakorlati javaslata az ,hogy e két módszertan együttes alkalmazása nyújt arra lehetőséget a vállalatoknak, hogy mind a statikus és dinamikus eszközökkel egyaránt értékeljék, fejlesszék és menedzseljék a folyamataikat. Ezáltal átfogó holisztikus képet kapjanak a vállalat valós működéséről. A döntéshozatali rendszer fejlesztése nem csupán az üzleti hatékonyságot növeli, hanem hozzájárul a vállalat versenyképességének hosszú távú megőrzése érdekében. 
695 |a agilis módszertan 
695 |a digitalizáció 
695 |a döntéstámogatás 
695 |a folyamatbányászat 
695 |a folyamatmenedzsment 
695 |a változásmenedzsment 
700 1 |a Bányai Dr. Kornél  |e ths 
856 4 0 |u http://dolgozattar.uni-bge.hu/60237/1/MajorosCsaba_Szakdolgozat_BGE_KVIK.pdf  |z Dokumentum-elérés 
856 4 0 |u http://dolgozattar.uni-bge.hu/60237/2/Majoros_Csaba_OTDK_I.pdf  |z Dokumentum-elérés